000 00620nam a2200241 a 4500
001 nice12345678
003 IN_TiNIC
005 20260116013435.0
008 050524s1956 naga grp 000 0 eng
020 _a
_c100
082 0 0 _a266
_bGOV
100 _aGovt Of Madhya Pradesh,
245 _aReport of the Christian Missionary Enquiry Committe
260 _aNagpur
_bGovt. of Madhya Pradesh
_c1956
300 _a182p
500 _aincludes index and biblioraphy
505 2 _aBibliography
650 _aMissions
700 1 _aGovt Of Madhya Pradesh,
902 _bSRS
942 _cBK
999 _c10996
_d10996